| 000 | 01436nam a22002657a 4500 | ||
|---|---|---|---|
| 001 | 1088 | ||
| 005 | 20230803112959.0 | ||
| 008 | 230721b cb ||||| |||| 00| 0 khr d | ||
| 020 | _a9789924502012 | ||
| 040 |
_aFISKH _beng _cFISKH _dFISKH |
||
| 082 | _a641.6754 | ||
| 100 | _aDary, Heng | ||
| 245 |
_aសត្វអីគេ? _cនិពន្ធរឿងដោយ ហេង ដារី គូររូបដោយ អ៊ឹម ពិសី |
||
| 250 | _aPrinting in April 2021 | ||
| 260 |
_aPhnom Penh : _bSipar, _c2021. |
||
| 300 |
_a20 pages : _bcolor illustrations, _c21 cm . |
||
| 505 | _aE | ||
| 520 | _a កូនទាពណ៍លឿងចង់ធ្វើជាមិត្តជាមួយពងសត្វដ៏ចម្លែក។ វារងចាំពងនោះញាស់ ក្រោយមកពងនោះក៏បានញាស់ចេញជាកូននាគ។ កូនទាពណ៍លឿង និងកូននាគ ក៏បានធ្វើជាមិត្តនឹងគ្នា។ | ||
| 520 | _aA yellow duckling wants to be friends with an egg. She waits for the egg to hatch and then the egg hatches into a baby dragon. The yellow duckling and the baby dragon become friends. | ||
| 521 |
_a200 _bLexile estimate |
||
| 521 |
_aE
_bRaz-Plus |
||
| 650 |
_aពង _vមិត្តភាព _xទា |
||
| 650 |
_aDuck _vFriendship _xDuck |
||
| 942 |
_2ddc _cBK _n0 |
||
| 999 |
_c1088 _d1088 |
||